| 000 | 00421nam a2200181Ia 4500 | ||
|---|---|---|---|
| 001 | 859 | ||
| 005 | 20260306140549.0 | ||
| 008 | 260306t1994||||xx |||||||||||||| ||spa|| | ||
| 041 | _aESP | ||
| 082 |
_a170.1 _bC78 |
||
| 100 |
_aCortina, Ariela (dir.) _eAUT |
||
| 245 | 0 | _a10 palabras clave en ética | |
| 260 | _c1994 | ||
| 300 |
_a465 páginas : _c21 cm. |
||
| 650 | _aGEN | ||
| 654 | _aCHU | ||
| 942 |
_cLIB _dJUS _fJUS _2ddc _n |
||
| 999 |
_c859 _d859 |
||